| 000 | 00524nam a22001937a 4500 | ||
|---|---|---|---|
| 005 | 20241218090902.0 | ||
| 008 | 241218b |||||||| |||| 00| 0 eng d | ||
| 020 | _a9781529089868 | ||
| 040 |
_aKMU _cKMU _dKMU _erda |
||
| 050 | _aPS3619.C335 A54 | ||
| 100 | _aScalzi John | ||
| 245 |
_aAgent to the stars: _bThorough enjoyabble SF site/ _cJohn Scalzi |
||
| 260 |
_aLondon: _bTom Doherty Asociates,LLC: _c2005. |
||
| 300 |
_a367 P.: _c19cm. |
||
| 650 | _aAgent | ||
| 650 | _aStars | ||
| 650 | _aMystery | ||
| 942 |
_2lcc _cFM _n0 |
||
| 999 |
_c1528 _d1528 |
||